Doctrina general del contrato
Saved in:
| Hovedforfatter: | |
|---|---|
| Format: | Bog |
| Sprog: | spansk |
| Udgivet: |
Caracas
Jurídica Venezolana
1997
|
| Udgivelse: | 3a. ed |
| Fag: | |
| Tags: |
Tilføj Tag
Ingen Tags, Vær først til at tagge denne postø!
|
MARC
| LEADER | 00000nam a2200000 a 4500 | ||
|---|---|---|---|
| 001 | UCP3453 | ||
| 003 | CL-VaPUC | ||
| 008 | 990625e19970000VE |||||||||||||||||spa|d | ||
| 082 | 0 | 4 | |a 346.022 |b MEL |2 21 |
| 100 | |a Melich Orsini, José |e autor |9 430745 | ||
| 245 | 1 | 0 | |a Doctrina general del contrato |
| 250 | |a 3a. ed | ||
| 300 | |a 994 p | ||
| 942 | |c BK | ||
| 945 | |d 19990625 00:00:00 |a vberengu | ||
| 260 | |a Caracas |b Jurídica Venezolana |c 1997 | ||
| 650 | 0 | |a Contratos |9 255153 | |
| 650 | 0 | |a Voluntad |9 307812 | |
| 650 | 0 | |a Oferta |9 357541 | |
| 650 | 0 | |a Código civil |9 256135 | |
| 650 | 0 | |a Nulidad |9 256755 | |
| 650 | 0 | |a Responsabilidad contractual |9 256720 | |
| 650 | 7 | |a RESPONSABILIDAD CIVIL |2 CL-VaPUC |9 430722 | |
| 650 | 0 | |a Obligaciones |9 255578 | |
| 650 | 0 | |a Riesgos |9 430723 | |
| 650 | 0 | |a Deudor |9 385167 | |
| 583 | |a last modification |c 19990625 00:00:00 |k Rodrigo Vera | ||
| 999 | |c 281769 |d 281767 | ||
| 952 | |0 0 |1 0 |4 0 |6 346_022000000000000_MEL_1997 |7 0 |8 A |9 322754 |a BIBDER |b BIBDER |d 2019-11-20 |i 348923K |l 2 |o 346.022 MEL 1997 |p 348923K |r 2023-01-25 |s 2021-10-11 |w 2019-11-20 |y BK |k DER | ||
| 952 | |0 0 |1 0 |4 0 |6 346_022000000000000_MEL_1997 |7 0 |8 A |9 322755 |a BIBDER |b BIBDER |d 2019-11-20 |i 3530337 |o 346.022 MEL 1997 |p 3530337 |r 2023-01-25 |w 2019-11-20 |y BK |k DER | ||